<?xml version="1.0" encoding="UTF-8"?>
<record
    xmlns:xsi="http://www.w3.org/2001/XMLSchema-instance"
    xsi:schemaLocation="http://www.loc.gov/MARC21/slim http://www.loc.gov/standards/marcxml/schema/MARC21slim.xsd"
    xmlns="http://www.loc.gov/MARC21/slim">

  <leader>01873nam a2200241Ia 4500</leader>
  <controlfield tag="003">OSt</controlfield>
  <controlfield tag="005">20210831092641.0</controlfield>
  <controlfield tag="008">210310s1977    cl     fr     001 0 spa d</controlfield>
  <datafield tag="040" ind1=" " ind2=" ">
    <subfield code="a">CO-JMCR</subfield>
    <subfield code="c">CO-JMCR</subfield>
  </datafield>
  <datafield tag="041" ind1="0" ind2=" ">
    <subfield code="a">spa</subfield>
  </datafield>
  <datafield tag="082" ind1="0" ind2="4">
    <subfield code="a">340.1 /</subfield>
    <subfield code="b">D824i</subfield>
    <subfield code="2">23</subfield>
  </datafield>
  <datafield tag="100" ind1="1" ind2=" ">
    <subfield code="a">Ducci Claro, Carlos, </subfield>
    <subfield code="9">17283</subfield>
    <subfield code="e">autor</subfield>
  </datafield>
  <datafield tag="245" ind1="1" ind2="0">
    <subfield code="a">Interpretaci&#xF3;n jur&#xED;dica :  </subfield>
    <subfield code="b">en general y en la dogm&#xE1;tica chilena /</subfield>
    <subfield code="c">Carlos Ducci Claro</subfield>
  </datafield>
  <datafield tag="250" ind1=" " ind2=" ">
    <subfield code="a">2da edici&#xF3;n</subfield>
  </datafield>
  <datafield tag="260" ind1=" " ind2=" ">
    <subfield code="a">Santiago de Chile : </subfield>
    <subfield code="b">Editorial Jur&#xED;dica de Chile, </subfield>
    <subfield code="c">1977</subfield>
  </datafield>
  <datafield tag="300" ind1=" " ind2=" ">
    <subfield code="a">266 p&#xE1;ginas ; </subfield>
    <subfield code="c">23 cm.</subfield>
  </datafield>
  <datafield tag="500" ind1=" " ind2=" ">
    <subfield code="a">Incluye notas a pie de p&#xE1;gina e &#xED;ndice onom&#xE1;stico y de materias.</subfield>
  </datafield>
  <datafield tag="504" ind1=" " ind2=" ">
    <subfield code="a">Bibliograf&#xED;a: p&#xE1;ginas [241]-247</subfield>
  </datafield>
  <datafield tag="505" ind1="0" ind2=" ">
    <subfield code="a">La interpretaci&#xF3;n en general -- La interpretaci&#xF3;n de la ley -- La interpretaci&#xF3;n judicial de la ley en nuestro derecho -- Otros organismos con facultad de interpretar la ley -- La interpretaci&#xF3;n del negocio jur&#xED;dico</subfield>
  </datafield>
  <datafield tag="520" ind1=" " ind2=" ">
    <subfield code="a">La interpretaci&#xF3;n jur&#xED;dica, y especialmente la interpretaci&#xF3;n judicial de la ley, es una de las materias de mayor importancia en el &#xE1;mbito del derecho.
El autor analiza la evoluci&#xF3;n de la interpretaci&#xF3;n jur&#xED;dica y los problemas fundamentales que se presentan cuando el supuesto de hecho de una norma debe enfrentarse a una situaci&#xF3;n concreta. Al analizar las disposiciones que regulan la interpretaci&#xF3;n legal en nuestro derecho descarta toda teor&#xED;a exeg&#xE9;tica, se&#xF1;alando que es el sentido y no el tenor literal de la ley lo que debe considerarse para la determinaci&#xF3;n jurisdiccional del derecho. Su tesis modifica los conceptos tradicionalmente aceptados en nuestra interpretaci&#xF3;n legal y abre la posibilidad, a trav&#xE9;s de la labor interpretativa, de la adaptaci&#xF3;n del ordenamiento jur&#xED;dico a la din&#xE1;mica del progreso y de la evoluci&#xF3;n social.</subfield>
  </datafield>
  <datafield tag="650" ind1="1" ind2="4">
    <subfield code="a">Interpretaci&#xF3;n del derecho</subfield>
    <subfield code="9">17285</subfield>
    <subfield code="z">Chile</subfield>
  </datafield>
  <datafield tag="942" ind1=" " ind2=" ">
    <subfield code="2">ddc</subfield>
    <subfield code="c">BK</subfield>
  </datafield>
  <datafield tag="999" ind1=" " ind2=" ">
    <subfield code="c">8442</subfield>
    <subfield code="d">8442</subfield>
  </datafield>
  <datafield tag="952" ind1=" " ind2=" ">
    <subfield code="0">0</subfield>
    <subfield code="1">0</subfield>
    <subfield code="2">ddc</subfield>
    <subfield code="4">0</subfield>
    <subfield code="7">0</subfield>
    <subfield code="8">NFIC</subfield>
    <subfield code="a">CPL</subfield>
    <subfield code="b">CPL</subfield>
    <subfield code="d">2018-04-15</subfield>
    <subfield code="e">Donaci&#xF3;n</subfield>
    <subfield code="o">340.1 / D824i</subfield>
    <subfield code="p">430004198</subfield>
    <subfield code="r">2024-05-16 00:00:00</subfield>
    <subfield code="t">Ej.1</subfield>
    <subfield code="y">BK</subfield>
  </datafield>
</record>
